Design of concrete structures (Record no. 3622)

000 -LEADER
fixed length control field 00547nam a22002057a 4500
001 - CONTROL NUMBER
control field 3622
003 - CONTROL NUMBER IDENTIFIER
control field BD-DhUET
008 - FIXED-LENGTH DATA ELEMENTS--GENERAL INFORMATION
fixed length control field 141102b xxu||||| |||| 00| 0 eng d
040 ## - CATALOGING SOURCE
Transcribing agency 0
Modifying agency BD-DhUET
082 ## - DEWEY DECIMAL CLASSIFICATION NUMBER
Classification number 624.183
Item number WIN/1972
100 ## - MAIN ENTRY--PERSONAL NAME
Personal name Winter, George
245 ## - TITLE STATEMENT
Title Design of concrete structures
Statement of responsibility, etc. by George Winter and Arthur H. Nilson
250 ## - EDITION STATEMENT
Edition statement 8th ed.
260 ## - PUBLICATION, DISTRIBUTION, ETC. (IMPRINT)
Place of publication, distribution, etc. New York
Name of publisher, distributor, etc. McGraw-Hill
Date of publication, distribution, etc. 1972
300 ## - PHYSICAL DESCRIPTION
Extent xii,615p.
504 ## - BIBLIOGRAPHY, ETC. NOTE
Bibliography, etc Includes bibliographies
650 #0 - SUBJECT ADDED ENTRY--TOPICAL TERM
Topical term or geographic name as entry element Reinforced concrete
700 ## - ADDED ENTRY--PERSONAL NAME
Personal name Nilson, Arthur H.
942 ## - ADDED ENTRY ELEMENTS (KOHA)
Koha item type General Book
Holdings
Sublocation or collection (holding branch) Koha full call number Date acquired Source of classification or shelving scheme Location (home branch) Damaged status Koha date last seen Shelving location Koha date last borrowed Price effective from Koha normalized classification for sorting Koha issues (times borrowed) Withdrawn status Copy number Lost status Koha item type Not for loan Piece designation (barcode)
Central Library, BUET624.183/WIN/19722014-11-02 Central Library, BUET 2025-06-18Circulation section2025-05-262014-11-02624_183000000000000_WIN_19722 1 General Book 39870
Central Library, BUET624.183/WIN/19722014-11-02 Central Library, BUET 2025-05-28Circulation section2025-05-262014-11-02624_000000000000000_183WIN19721 2 General Book 44253
Central Library, BUET624.183/WIN/19722014-11-18 Central Library, BUET 2014-11-18Circulation section 2014-11-18624_000000000000000_183WIN1972  3 General Book 39869
Central Library, BUET624.183/WIN/19722014-11-18 Central Library, BUET 2014-11-18Circulation section 2014-11-18624_000000000000000_183WIN1972  4 General Book 39871
Central Library, BUET624.183/WIN/19722015-02-22 Central Library, BUET 2025-06-28Circulation section2025-05-272015-02-22624_183000000000000_WIN_19722 5 General Book 42844
Central Library, BUET624.183/WIN/19722015-02-22 Central Library, BUET 2015-02-22Circulation section 2015-02-22624_183000000000000_WIN_1972  6 General Book 54930
Central Library, BUET624.183/WIN/19722015-05-07 Central Library, BUET 2025-05-27Circulation section2025-05-262015-05-07624_183000000000000_WIN_19721 7 General Book 45112